000 01420nam a2200325 i 4500
003 EG-GICUC
005 20260121101407.0
008 251129s1985 ua k|||fr|||| 00| 0 ara d
017 _a1984/7328
020 _a9773670856
040 _a EG-GICUC
_bara
_c EG-GICUC
_d EG-GICUC
_erda
041 0 _aara
082 0 4 _221
_a343.432
_bم ع . و
092 0 4 _221
099 _aLaw1 10 343.432 م ع . و 1985
100 0 _aمعوض عبد التواب
_eمؤلف.
245 1 2 _aالوسيط في شرح قانون المرور ولائحة التنفيذية /
_cمعوض عبد التواب.
264 1 _aالقاهرة :
_bمكتبة الأنجلو المصرية،
_c1985.
300 _a207 صفحة :
_bإيضاحيات؛
_c24 سم.
336 _2rda content
_atext
337 _2rda media
_aComputer
338 _2rda carrier
_aOnline Resource
500 _aفي شرح قانون المرور ولائحة التنفيذية التعليق على نصوص القانون بالشرح وأحكام النقض في خمسين عاما وحتى ديسمبر سنة ١٩٨٤ القيود والأوصاف والصيغ القانونية
546 _aالنص باللغة العربية
650 1 4 _aالتشريع الخاص بالمرور
650 1 4 _aالقانون الجنائي
856 4 0 _uhttps://fll.law.cu.edu.eg/fulltext/bks/B10-06836.pdf
905 _a77
_eHassnaa
942 _2ddc
_cBK
_e21
_n0
999 _c47430
_d47430